<?xml version="1.0" encoding="UTF-8"?>
<record
    xmlns:xsi="http://www.w3.org/2001/XMLSchema-instance"
    xsi:schemaLocation="http://www.loc.gov/MARC21/slim http://www.loc.gov/standards/marcxml/schema/MARC21slim.xsd"
    xmlns="http://www.loc.gov/MARC21/slim">

  <leader>01893cam a2200361 i 4500</leader>
  <controlfield tag="001">20546118</controlfield>
  <controlfield tag="003">3228</controlfield>
  <controlfield tag="005">20220909093614.0</controlfield>
  <controlfield tag="008">180616s2018    nyua          001 0 eng d</controlfield>
  <datafield tag="020" ind1=" " ind2=" ">
    <subfield code="a">1465473904</subfield>
  </datafield>
  <datafield tag="020" ind1=" " ind2=" ">
    <subfield code="a">9781465473905</subfield>
    <subfield code="q">Paperback</subfield>
  </datafield>
  <datafield tag="035" ind1=" " ind2=" ">
    <subfield code="a">(OCoLC)ocn994440859</subfield>
  </datafield>
  <datafield tag="040" ind1=" " ind2=" ">
    <subfield code="b">eng</subfield>
    <subfield code="c">3228</subfield>
    <subfield code="e">rda</subfield>
  </datafield>
  <datafield tag="082" ind1=" " ind2=" ">
    <subfield code="a">320.1 POLI</subfield>
  </datafield>
  <datafield tag="245" ind1="0" ind2="4">
    <subfield code="a">The politics book /</subfield>
    <subfield code="c">[contributors, Paul Kelly, consulting editor, and [8] others].</subfield>
  </datafield>
  <datafield tag="260" ind1=" " ind2=" ">
    <subfield code="a">New York</subfield>
    <subfield code="b">Dk Publishing</subfield>
    <subfield code="c">2013</subfield>
  </datafield>
  <datafield tag="300" ind1=" " ind2=" ">
    <subfield code="a">352 pages :</subfield>
    <subfield code="b">illustrations (some color) ;</subfield>
    <subfield code="c">24 cm.</subfield>
  </datafield>
  <datafield tag="336" ind1=" " ind2=" ">
    <subfield code="a">text</subfield>
  </datafield>
  <datafield tag="338" ind1=" " ind2=" ">
    <subfield code="a">volume</subfield>
  </datafield>
  <datafield tag="490" ind1="1" ind2=" ">
    <subfield code="a">Big ideas simply explained.</subfield>
  </datafield>
  <datafield tag="500" ind1=" " ind2=" ">
    <subfield code="a">Includes index; Illustrations</subfield>
  </datafield>
  <datafield tag="505" ind1="0" ind2=" ">
    <subfield code="a">Ancient political thought, 800 BCE-30 CE -- Medieval politics, 30 CE-1515 CE -- Rationality and enlightenment, 1515-1770 -- Revolutionary thoughts, 1770-1848 -- The rise of the masses, 1848-1910 -- The clash of ideologies, 1910-1945 -- Postwar politics, 1945-present.</subfield>
  </datafield>
  <datafield tag="520" ind1=" " ind2=" ">
    <subfield code="a">From ancient and medieval philosophers such as Confucius and Thomas Aquinas, to revolutionary thought leaders such as Thomas Jefferson and Leon Trotsky, to the voices who have shaped modern politics today--Mao Zedong, Malcolm X, Che Guevara, and more--The Politics Book clearly and simply explains more than 100 groundbreaking ideas in the history of political thought. With easy-to-follow graphics, succinct quotations, and accessible text, The Politics Book is an essential reference for students and anyone wondering how politics works.</subfield>
  </datafield>
  <datafield tag="521" ind1=" " ind2=" ">
    <subfield code="a">Adult</subfield>
  </datafield>
  <datafield tag="546" ind1=" " ind2=" ">
    <subfield code="a">English</subfield>
  </datafield>
  <datafield tag="650" ind1=" " ind2="0">
    <subfield code="a">Political science.</subfield>
    <subfield code="9">131680</subfield>
  </datafield>
  <datafield tag="650" ind1=" " ind2="0">
    <subfield code="a">Political science</subfield>
    <subfield code="x">History.</subfield>
    <subfield code="9">131681</subfield>
  </datafield>
  <datafield tag="650" ind1=" " ind2="0">
    <subfield code="a">World politics.</subfield>
    <subfield code="9">131682</subfield>
  </datafield>
  <datafield tag="710" ind1="2" ind2=" ">
    <subfield code="a">Dorling Kindersley Limited.</subfield>
    <subfield code="9">131683</subfield>
  </datafield>
  <datafield tag="830" ind1=" " ind2="0">
    <subfield code="a">Big ideas simply explained.</subfield>
    <subfield code="9">131684</subfield>
  </datafield>
  <datafield tag="906" ind1=" " ind2=" ">
    <subfield code="a">7</subfield>
    <subfield code="b">cbc</subfield>
    <subfield code="c">copycat</subfield>
    <subfield code="d">2</subfield>
    <subfield code="e">ncip</subfield>
    <subfield code="f">20</subfield>
    <subfield code="g">y-gencatlg</subfield>
  </datafield>
  <datafield tag="942" ind1=" " ind2=" ">
    <subfield code="2">ddc</subfield>
    <subfield code="c">BOOK</subfield>
    <subfield code="y">162</subfield>
    <subfield code="z">Elsie Maluleke</subfield>
  </datafield>
  <datafield tag="999" ind1=" " ind2=" ">
    <subfield code="c">632468</subfield>
    <subfield code="d">632467</subfield>
  </datafield>
  <datafield tag="952" ind1=" " ind2=" ">
    <subfield code="0">0</subfield>
    <subfield code="1">0</subfield>
    <subfield code="2">ddc</subfield>
    <subfield code="4">0</subfield>
    <subfield code="7">0</subfield>
    <subfield code="a">MASHL</subfield>
    <subfield code="b">LYDEL</subfield>
    <subfield code="d">2022-05-20</subfield>
    <subfield code="l">0</subfield>
    <subfield code="o">320.1</subfield>
    <subfield code="p">33228031030991</subfield>
    <subfield code="r">2022-05-20</subfield>
    <subfield code="w">2022-05-20</subfield>
    <subfield code="y">BOOK</subfield>
  </datafield>
  <datafield tag="952" ind1=" " ind2=" ">
    <subfield code="0">0</subfield>
    <subfield code="1">0</subfield>
    <subfield code="2">ddc</subfield>
    <subfield code="4">0</subfield>
    <subfield code="7">0</subfield>
    <subfield code="a">MKHUL</subfield>
    <subfield code="b">MKHUL</subfield>
    <subfield code="c">Non_Fiction</subfield>
    <subfield code="d">2026-02-16</subfield>
    <subfield code="l">1</subfield>
    <subfield code="o">320.1 POLI</subfield>
    <subfield code="p">33228031027017</subfield>
    <subfield code="r">2026-02-16</subfield>
    <subfield code="s">2026-01-29</subfield>
    <subfield code="y">JOURNAL </subfield>
  </datafield>
  <datafield tag="952" ind1=" " ind2=" ">
    <subfield code="0">0</subfield>
    <subfield code="1">0</subfield>
    <subfield code="2">ddc</subfield>
    <subfield code="4">0</subfield>
    <subfield code="7">0</subfield>
    <subfield code="a">LYDEL</subfield>
    <subfield code="b">MKHUL</subfield>
    <subfield code="c">Non_Fiction</subfield>
    <subfield code="d">2022-09-09</subfield>
    <subfield code="o">320.1 POLI</subfield>
    <subfield code="p">33228031026564</subfield>
    <subfield code="r">2022-09-09</subfield>
    <subfield code="w">2022-09-09</subfield>
    <subfield code="y">BOOK</subfield>
  </datafield>
  <datafield tag="952" ind1=" " ind2=" ">
    <subfield code="0">0</subfield>
    <subfield code="1">0</subfield>
    <subfield code="2">ddc</subfield>
    <subfield code="4">0</subfield>
    <subfield code="7">0</subfield>
    <subfield code="a">LYDEL</subfield>
    <subfield code="b">GRASL</subfield>
    <subfield code="d">2022-10-26</subfield>
    <subfield code="o">320.1 POLI</subfield>
    <subfield code="p">33228031029105</subfield>
    <subfield code="r">2022-10-26</subfield>
    <subfield code="w">2022-10-26</subfield>
    <subfield code="y">BOOK</subfield>
  </datafield>
  <datafield tag="952" ind1=" " ind2=" ">
    <subfield code="0">0</subfield>
    <subfield code="1">0</subfield>
    <subfield code="2">ddc</subfield>
    <subfield code="4">0</subfield>
    <subfield code="7">0</subfield>
    <subfield code="a">LYDEL</subfield>
    <subfield code="b">ACORL</subfield>
    <subfield code="d">2022-11-28</subfield>
    <subfield code="o">320.1 POLI</subfield>
    <subfield code="p">33228031026280</subfield>
    <subfield code="r">2022-11-28</subfield>
    <subfield code="w">2022-11-28</subfield>
    <subfield code="y">BOOK</subfield>
  </datafield>
  <datafield tag="952" ind1=" " ind2=" ">
    <subfield code="0">0</subfield>
    <subfield code="1">0</subfield>
    <subfield code="2">ddc</subfield>
    <subfield code="4">0</subfield>
    <subfield code="7">0</subfield>
    <subfield code="a">LYDEL</subfield>
    <subfield code="b">SIMIL</subfield>
    <subfield code="d">2023-03-02</subfield>
    <subfield code="f">3322802434</subfield>
    <subfield code="l">0</subfield>
    <subfield code="o">320.1 POLI</subfield>
    <subfield code="p">33228031029589</subfield>
    <subfield code="r">2023-03-02</subfield>
    <subfield code="w">2023-03-02</subfield>
    <subfield code="y">BOOK</subfield>
  </datafield>
  <datafield tag="952" ind1=" " ind2=" ">
    <subfield code="0">0</subfield>
    <subfield code="1">0</subfield>
    <subfield code="2">ddc</subfield>
    <subfield code="4">0</subfield>
    <subfield code="7">0</subfield>
    <subfield code="a">MAFEL</subfield>
    <subfield code="b">MAFEL</subfield>
    <subfield code="c">Non_Fiction</subfield>
    <subfield code="d">2023-09-01</subfield>
    <subfield code="l">1</subfield>
    <subfield code="o">320.1 POLI</subfield>
    <subfield code="p">33228031029289</subfield>
    <subfield code="r">2024-08-21</subfield>
    <subfield code="s">2024-08-21</subfield>
    <subfield code="w">2023-09-01</subfield>
    <subfield code="y">BOOK</subfield>
  </datafield>
  <datafield tag="952" ind1=" " ind2=" ">
    <subfield code="0">0</subfield>
    <subfield code="1">0</subfield>
    <subfield code="2">ddc</subfield>
    <subfield code="4">0</subfield>
    <subfield code="7">0</subfield>
    <subfield code="8">300</subfield>
    <subfield code="a">LYDEL</subfield>
    <subfield code="b">SHATL</subfield>
    <subfield code="c">GEN</subfield>
    <subfield code="d">2024-01-24</subfield>
    <subfield code="l">0</subfield>
    <subfield code="o">320.1 POLI</subfield>
    <subfield code="p">33228031030629</subfield>
    <subfield code="r">2024-01-24</subfield>
    <subfield code="w">2024-01-24</subfield>
    <subfield code="y">BOOK</subfield>
  </datafield>
</record>
